Villes américaines les plus visitées - Statistiques

Statistiques générales
  • Ce quiz a été pris 559 fois
  • Le résultat moyen est 12 sur 18
Statistiques - réponses
% de visiteurs Ville % Correct
26.5 New York City
100%
12.7 Los Angeles
97%
12.9 Miami
92%
3.82 Chicago
86%
8.83 San Francisco
86%
5.11 Washington D.C.
86%
7.78 Las Vegas
83%
4.14 Boston
75%
1.60 Dallas
70%
1.83 Seattle
66%
2.23 Houston
65%
1.60 Philadelphie
64%
1.78 Atlanta
52%
2.84 San Diego
50%
1.14 La Nouvelle-Orléans
49%
10.9 Orlando
49%
6.49 Honolulu
19%
1.25 Tampa
15%
Aucun quiz correspondant
Distribution des résultats
% des personnes avec chaque résultat
Percentile par nombre de réponses
Votre historique - résultats
Vous n’avez pas pris ce quiz